000 00582nam a2200193Ia 4500
003 GCL
008 140319s9999 xx 000 0 ara d
020 _a4146109977
040 _aGCL /
_cGCL
082 0 4 _a210.3
_bا ا
100 1 _aابراهيم ربيع محمد
245 1 0 _aالاوائل فى الاسلام /
_cابراهيم ربيع محمد
250 _aالاولى
260 _aالقاهرة :
_bدار العلوم ،
_c2004
300 _a144ص ؛
_c24 سم
650 0 4 _aالاسلام
650 0 4 _aالاسلام - دوائر معارف
942 _2ddc
_cBK
999 _c7499
_d7499